<?xml version="1.0" encoding="UTF-8"?>
<marc:record xmlns:marc="http://www.loc.gov/MARC21/slim">
   <marc:leader>00000nam a2200000 a 4500</marc:leader>
   <marc:datafield ind1="0" ind2="0" tag="245">
      <marc:subfield code="a">Die kleine Gartenbande räumt die Wiese auf</marc:subfield>
   </marc:datafield>
   <marc:datafield ind1=" " ind2="1" tag="264">
      <marc:subfield code="b">Loewe</marc:subfield>
      <marc:subfield code="c">2014</marc:subfield>
   </marc:datafield>
   <marc:datafield ind1="1" ind2=" " tag="490">
      <marc:subfield code="a">Naturkind</marc:subfield>
   </marc:datafield>
   <marc:datafield ind1="1" ind2=" " tag="520">
      <marc:subfield code="a">Die drei Freunde von der Gartenbande wollen einen Ausflug machen. Von weitem sehen sie eine bunte Blumenwiese und beschließen, dorthin zu gehen. Doch dann sehen sie, es sind gar keine Blumen, es ist Müll. Die Freunde räumen erst mal auf und stellen fest, vieles kann man noch gut gebrauchen! Ab 2.</marc:subfield>
   </marc:datafield>
   <marc:datafield ind1="3" ind2=" " tag="024">
      <marc:subfield code="a">9783785578810</marc:subfield>
   </marc:datafield>
</marc:record>
